Statistics for Mentioned Countries in "Geography Now - Albania"

Click here to take the quiz!

General Stats

  • This quiz has been taken 55 times
  • The average score is 8 of 10

Answer Stats

#Country% Correct
5Kosovo
98%
2Greece
96%
3Montenegro
91%
2Serbia
91%
37Albania
89%
3(North) Macedonia
89%
1Russia
70%
3China
67%
1France
46%
1Algeria
20%

Score Distribution

Percentile by Number Answered

Percent of People with Each Score

Your Score History

You have not taken this quiz